Meilleurs buteurs de l'histoire de la Serie A - Statistiques

Statistiques générales
  • Ce quiz a été pris 405 fois
  • Le résultat moyen est 6 sur 25
Statistiques - réponses
Goals Nation Joueurs Equipes % Correct
248 ITA Francesco Totti Roma
87%
188 ITA Alessandro Del Piero Juventus
81%
156 ITA Filippo Inzaghi Parma,Atalanta,Juventus,Milan
59%
205 ITA Roberto Baggio Fiorentina,Juve,Milan,Bologne,Inter,Brescia
59%
209 ITA Antonio Di Natale Empoli,Udinese
46%
184 ARG Gabriel Batistuta Fiorentina,Roma,Inter
45%
153 ARG Hernan Crespo Parme,Lazio,Inter,Milan,Genoa
43%
157 ITA Luca Toni Vicence,Brescia,Palerme,Fiorentina,Roma,Genoa,Juve,H.Verone
35%
216 ITA Giuseppe Meazza Inter,Milan,Juve
25%
156 ITA Gigi Riva Cagliari
23%
188 ITA Alberto Gilardino Piacenza,H.Verone,Parme,Milan,Fiorentina,Genoa,Bologne,Palerme
22%
225 SWE Gunnar Nordahl Milan,Rome
13%
156 ITA Roberto Mancini Bologne,Sampdoria,Lazio
10%
274 ITA Silvio Piola Pro Vercelli,Lazio,Juve,Novare
10%
188 ITA Giuseppe Signori Foggia,Lazio,Samp.,Bologna
8%
153 HUN Istvan Nyers Inter,Rome
5%
216 ITA/BRA Jose Altafini Milan,Napoli,Juve
5%
178 ITA Giampiero Boniperti Juventus
4%
190 SWE Kurt Hamrin Juve,Padoue,Fiorentina,Milan,Napoli
3%
163 ITA Roberto Boninsegna Varese,Cagliari,Inter,Juventus
3%
174 ITA Amedeo Amedei Roma,Inter,Naples
1%
155 ITA Carlo Reguzzoni Pro Patria,Bologne
1%
168 ITA Giuseppe Savoldi Atalanta,Bologne,Napoli
1%
167 ITA Guglielmo Gabetto Juventus,Torino
1%
155 BRA Luis Vinicio Napoli,Bologne,Vicence,Inter
1%
Aucun quiz correspondant
Distribution des résultats
% des personnes avec chaque résultat
Percentile par nombre de réponses
Votre historique - résultats
Vous n’avez pas pris ce quiz